Medaliści olimpijscy skoków narciarskich - Statystyki

Ogólne statystyki
  • Ten quiz został rozwiązany 423 razy
    53 od ostatniego zresetowania
  • Średni wynik to 50 z 127
Statystyki odpowiedzi
Rok Miejsce Odpowiedź % Poprawnych
2026 1 Domen Prevc
100%
2014 1 Kamil Stoch
100%
2014 1 Kamil Stoch
100%
2018 1 Kamil Stoch
100%
2014 2 Peter Prevc
100%
2014 3 Peter Prevc
100%
2002 3 Adam Małysz
96%
2002 2 Adam Małysz
96%
2010 2 Adam Małysz
96%
2010 2 Adam Małysz
96%
2026 2 Kacper Tomasiak
94%
2026 3 Kacper Tomasiak
94%
2002 1 Simon Ammann
94%
2002 1 Simon Ammann
94%
2010 1 Simon Ammann
94%
2010 1 Simon Ammann
94%
2022 3 Dawid Kubacki
92%
2022 1 Ryōyū Kobayashi
92%
2022 2 Ryōyū Kobayashi
92%
2026 3 Gregor Deschwanden
83%
2014 2 Noriaki Kasai
83%
2022 1 Marius Lindvik
81%
2026 1 Philipp Raimund
81%
2026 3 Ren Nikaido
81%
2026 2 Ren Nikaido
81%
2018 1 Andreas Wellinger
77%
2018 2 Andreas Wellinger
77%
1972 1 Wojciech Fortuna
77%
2022 3 Karl Geiger
75%
1998 2 Kazuyoshi Funaki
73%
1998 1 Kazuyoshi Funaki
73%
1984 2 Matti Nykänen
73%
1984 1 Matti Nykänen
73%
1988 1 Matti Nykänen
73%
1988 1 Matti Nykänen
73%
2006 1 Thomas Morgenstern
73%
2018 2 Johann André Forfang
71%
2014 3 Anders Bardal
69%
2010 3 Gregor Schlierenzauer
69%
2010 3 Gregor Schlierenzauer
69%
2022 2 Manuel Fettner
69%
2018 3 Robert Johansson
69%
2018 3 Robert Johansson
69%
2002 2 Sven Hannawald
60%
2006 2 Andreas Kofler
54%
2002 3 Matti Hautamäki
52%
2006 2 Matti Hautamäki
52%
1984 1 Jens Weißflog
50%
1984 2 Jens Weißflog
50%
1994 1 Jens Weißflog
50%
1994 3 Andreas Goldberger
46%
2006 3 Roar Ljøkelsøy
44%
2006 1 Lars Bystøl
42%
2006 3 Lars Bystøl
42%
1992 3 Toni Nieminen
42%
1992 1 Toni Nieminen
42%
1998 3 Masahiko Harada
40%
1994 2 Espen Bredesen
35%
1994 1 Espen Bredesen
35%
1932 1 Birger Ruud
33%
1936 1 Birger Ruud
33%
1948 2 Birger Ruud
33%
1928 2 Sigmund Ruud
33%
1998 3 Andreas Widhölzl
25%
1994 3 Dieter Thoma
25%
1998 1 Jani Soininen
25%
1998 2 Jani Soininen
25%
1968 1 Jiří Raška
25%
1968 2 Jiří Raška
25%
1992 1 Ernst Vettori
23%
1980 2 Hubert Neuper
23%
1992 2 Martin Höllwarth
21%
1992 2 Martin Höllwarth
21%
1972 1 Yukio Kasaya
21%
1984 3 Pavel Ploc
19%
1988 2 Pavel Ploc
19%
1976 2 Toni Innauer
19%
1980 1 Toni Innauer
19%
1992 3 Heinz Kuttin
15%
1972 3 Rainer Schmidt
15%
1960 1 Helmut Recknagel
10%
1980 3 Jari Puikkonen
10%
1984 3 Jari Puikkonen
10%
1972 2 Walter Steiner
8%
1976 1 Hans-Georg Aschenbach
6%
1994 2 Lasse Ottesen
6%
1956 3 Harry Glaß
4%
1976 3 Henry Glaß
4%
1988 3 Jiří Malec
4%
1976 2 Jochen Danneberg
4%
1988 3 Matjaž Debelak
4%
1964 1 Veikko Kankkonen
4%
1964 2 Veikko Kankkonen
4%
1972 2 Akitsugu Konno
2%
1928 1 Alf Andersen
2%
1924 3 Anders Haugen
2%
1956 1 Antti Hyvärinen
2%
1952 1 Arnfinn Bergmann
2%
1956 2 Aulis Kallakorpi
2%
1968 3 Baldur Preiml
2%
1988 2 Erik Johnsen
2%
1932 2 Hans Beck
2%
1980 2 Hirokazu Yagi
2%
1924 1 Jacob Tullin Thams
2%
1980 1 Jouko Törmänen
2%
1932 3 Kåre Walberg
2%
1952 3 Karl Holmström
2%
1976 3 Karl Schnabl
2%
1976 1 Karl Schnabl
2%
1968 3 Lars Grini
2%
1980 2 Manfred Deckert
2%
1924 2 Narve Bonna
2%
1960 2 Niilo Halonen
2%
1960 3 Otto Leodolter
2%
1948 1 Petter Hugsted
2%
1936 3 Reidar Andersen
2%
1968 2 Reinhold Bachler
2%
1928 3 Rudolf Burkert
2%
1972 3 Seiji Aochi
2%
1936 2 Sven Eriksson
2%
1948 3 Thorleif Schjelderup
2%
1964 2 Toralf Engan
2%
1964 1 Toralf Engan
2%
1952 2 Torbjørn Falkanger
2%
1964 3 Torgeir Brandtzæg
2%
1964 3 Torgeir Brandtzæg
2%
1968 1 Władimir Biełousow
2%
Nie znaleziono quizów pasujących do podanych kryteriów
Rozkład punktacji
Procent ludzi z każdym wynikiem
Percentyl według liczby udzielonych odpowiedzi
Twoja historia wyników
Nie rozwiązałeś tego quizu od ostatniego zresetowania